| 000 | 00543nam a2200169 4500 | ||
|---|---|---|---|
| 001 | 117725 | ||
| 003 | ES-MaACL | ||
| 005 | 20230906190947.0 | ||
| 007 | t| | ||
| 008 | 070214s1936 fr r ||||1| fre d | ||
| 245 | 0 | 0 | _aTu n'aimeras plus. |
| 260 |
_aParis : _bDenoël et Steele, _c1936. |
||
| 300 |
_a320 p. ; _c23 cm. |
||
| 500 | _aObra atribuida a Charles Baudelaire . Trata de una carta tomada de la recopilación de cartas que E. A. Poe tituló `Les Papiers de Fabio`. | ||
| 740 | 0 | _aLes papiers de Fabio. | |
| 852 |
_aES-MaACL _jA-4598 |
||
| 999 |
_c117725 _d117725 |
||